| Tag |
First Indicator |
Second Indicator |
Subfields |
| LEADER |
00000cam a2200000 a 4500 |
| 001 |
in00000007309 |
| 005 |
20151005070011.0 |
| 008 |
870916s1987 enka b 00010 eng d |
| 035 |
|
|
|a (OCoLC)16701360
|
| 035 |
|
|
|9 AAA1796AM
|
| 040 |
|
|
|a CUN
|c CUN
|d TXA
|d UtOrBLW
|
| 049 |
|
|
|a TXAM
|c [A11024860]
|
| 050 |
|
4 |
|a QP1
|b .A262 no. 563
|
| 100 |
1 |
|
|a Martling, Claes-Roland.
|
| 245 |
1 |
0 |
|a Sensory nerves containing tachykinins and CGRP in the lower air ways :
|b functional implications for bronchoconstriction, vasodilation and protein extravasation /
|c by Claes-Roland Martling.
|
| 264 |
|
1 |
|a Oxford ;
|a Boston :
|b Published for the Scandinavian Physiological Society by Blackwell Scientific Publications,
|c 1987.
|
| 300 |
|
|
|a 57 pages :
|b illustrations ;
|c 25 cm.
|
| 336 |
|
|
|a text
|b txt
|2 rdacontent
|
| 337 |
|
|
|a unmediated
|b n
|2 rdamedia
|
| 338 |
|
|
|a volume
|b nc
|2 rdacarrier
|
| 490 |
1 |
|
|a Acta physiologica Scandinavica. Supplementum,
|x 0302-2994 ;
|v 563
|
| 504 |
|
|
|a Bibliography: pages 45-57.
|
| 650 |
|
0 |
|a Tachykinins.
|
| 650 |
|
0 |
|a Calcitonin.
|
| 650 |
|
0 |
|a Neural receptors.
|
| 650 |
|
0 |
|a Respiratory organs
|x Innervation.
|
| 830 |
|
0 |
|a Acta physiologica Scandinavica.
|p Supplementum ;
|v 563.
|
| 999 |
|
|
|a MARS
|
| 999 |
f |
f |
|s b2f38eae-e3a4-370f-83f3-c3c20c926b2b
|i 93b7df2c-ab1f-3f7e-a8d2-3458fc96ce22
|t 0
|
| 952 |
f |
f |
|p ric
|a Texas A&M University
|b Rellis Campus
|c Joint Library Facility
|d Remote Storage
|t 0
|e QP1 .A262 no. 563
|h Library of Congress classification
|i unmediated -- volume
|m A14811024860
|
| 998 |
f |
f |
|a QP1 .A262 no. 563
|t 0
|l Remote Storage
|